[Event "TUR Cup"]
[Site "Denizli"]
[Date "2023.07.21"]
[Round "8"]
[White "Aydogan, Yusuf"]
[Black "Eroglu, Mehmet"]
[Result "1-0"]
[WhiteElo "1191"]
[BlackElo "1547"]
[PlyCount "51"]
[EventDate "2023.07.16"]
[EventType "team-tourn"]
[EventRounds "9"]
[EventCountry "TUR"]
[SourceTitle "CBM 215 Extra"]
[Source "ChessBase"]
[SourceDate "2023.09.30"]
[SourceVersion "1"]
[SourceVersionDate "2023.09.30"]
[SourceQuality "1"]

1. e4 c6 2. d4 d5 3. e5 Bf5 4. g4 Be4 5. f3 Bg6 6. h4 h5 7. e6 Qd6 8. exf7+ Bxf7 9. Be3 Qe6 10. Qe2 Bg6 11. Nh3 hxg4 12. Nf4 gxf3 13. Nxe6 fxe2 14. Bxe2 Nf6 15. Nc7+ Kd7 16. Nxa8 e6 17. c3 Bf5 18. Nd2 Bd6 19. 0-0-0 Na6 20. Rdg1 Rxa8 21. Rxg7+ Be7 22. Bg5 Kd6 23. Nf3 c5 24. Bf4+ Kd7 25. Ne5+ Kd6 26. Ng6+ 1-0

[Event "TUR Cup"]
[Site "Denizli"]
[Date "2023.07.19"]
[Round "6"]
[White "Aydogan, Yusuf"]
[Black "Gursu, Sungur"]
[Result "0-1"]
[WhiteElo "1191"]
[BlackElo "1517"]
[PlyCount "76"]
[EventDate "2023.07.16"]
[EventType "team-tourn"]
[EventRounds "9"]
[EventCountry "TUR"]
[SourceTitle "CBM 215 Extra"]
[Source "ChessBase"]
[SourceDate "2023.09.30"]
[SourceVersion "1"]
[SourceVersionDate "2023.09.30"]
[SourceQuality "1"]

1. e4 e5 2. f4 d5 3. exd5 e4 4. d3 Qxd5 5. Nc3 Bb4 6. Bd2 Bxc3 7. Bxc3 Ne7 8. Qd2 Nbc6 9. b3 Nf5 10. dxe4 Qxe4+ 11. Qe2 Qxe2+ 12. Bxe2 Ne3 13. Kf2 Nxc2 14. Rd1 Be6 15. Nf3 0-0 16. Rd2 N2b4 17. Rhd1 a5 18. Ng5 Nxa2 19. Nxe6 Nxc3 20. Nxf8 Nxd1+ 21. Rxd1 Kxf8 22. Rd7 Rc8 23. Bc4 Nd8 24. Rd5 b6 25. f5 Ke7 26. g4 c6 27. Re5+ Kd7 28. h4 b5 29. Bd3 f6 30. Re4 Nb7 31. g5 Nc5 32. Rd4+ Kc7 33. Bc2 Rd8 34. Rxd8 Kxd8 35. Ke3 Ke7 36. Kd4 Kd6 37. Bd1 a4 38. bxa4 Nxa4 0-1